Fortune's Soldier/ (Record no. 206014)

MARC details
000 -LEADER
fixed length control field 00542nam a22001817a 4500
005 - DATE AND TIME OF LATEST TRANSACTION
control field 20240930121035.0
010 ## - LCCN (DPL NO)
LC control number ENG-141810
020 ## - INTERNATIONAL STANDARD BOOK NUMBER
International Standard Book Number 9789388322539
Terms of availability 550.00
035 ## - SYSTEM CONTROL NUMBER
System control number EN-125342
037 ## - SOURCE OF ACQUISITION
Source of stock number/acquisition DBAD
082 ## - DEWEY DECIMAL CLASSIFICATION NUMBER
Classification number S
100 ## - MAIN ENTRY--PERSONAL NAME
Personal name Rutherford, Alex
245 ## - TITLE STATEMENT
Title Fortune's Soldier/
Statement of responsibility, etc By Alex Rutherford
260 ## - PUBLICATION, DISTRIBUTION, ETC. (IMPRINT)
Place of publication, distribution, etc Gurugram
Name of publisher, distributor, etc Hachelle Book Publishing India Pvt Ltd
Date of publication, distribution, etc 2018
270 ## - ADDRESS
Address 4th & 5th Floor, Corporate Centre, Plot No. 94, Sector 44
City Gurugram
Postal code 122003
300 ## - PHYSICAL DESCRIPTION
Extent 429p.
Dimensions 21cm.(pb)
942 ## - ADDED ENTRY ELEMENTS (KOHA)
Source of classification or shelving scheme Dewey Decimal Classification
Item type English Books
Classification part S
Call number suffix RUT
Holdings
Withdrawn status Lost status Not for loan Collection code Home library Current library Date acquired Source of acquisition Cost, normal purchase price Full call number Barcode Copy number Cost, replacement price Koha item type
      Fiction Ashok Vihar Ashok Vihar 30/09/2024 Delivery of Books Act Division 550.00 S RUT EN-125342 1 550.00 English Books

© Delhi Public Library
Hit Counter
free hit counter